000
00225nam a22000857a 4500
008
170130b xxu||||| |||| 00| 0 eng d
100
_9
2629
_a
Gupta.S.K.etal.
245
_a
Composite Mathematics-6
260
_a
New Delhi
_b
S.Chand
_c
2011
999
_c
5784
_d
5784